LEADER 01342nam a2200289 i 4500 001 000000224243 003 CaOOAMICUS 005 20250909101606.0 008 131028s2013 it u000 u ita u 013 $a203141 020 $a978-88-350-3506-0 040 $aSeMil$bita 245 14$aUna pluralità di gestori :$bscuola cattolica in Italia : quindicesimo rapporto, 2013 /$c[a cura del] CSSC. 260 $aBrescia :$bLa Scuola,$c2013. 300 $a337 p. ;$c22 cm. 490 0 $aScuola d'oggi 650 4$aScuola cattolica - Italia - Rapporti informativi.$0(OLS)http://semarc/subject/14809 650 4$aScuola - Italia - Sec. 21. - Aspetti educativi.$0(OLS)http://semarc/subject/26516 710 0 $aConferenza Episcopale Italiana : Centro studi della scuola cattolica .$0(OLS)http://semarc/name/38298 830 0$aScuola d'oggi.$0(OLS)http://semarc/title/11110 850 $aSeMil 852 $aSeMil$W1$xVenegono$y1$m2Q II 142$j174589$B174589$CSeMilBibl$Z2$F185971 $81 961 $aOmaggio: Delpini mons. Mario 996 $6020$a978-88-350-3506-0$9(OLS)http://semarc/number/224706 996 $6245$aUna pluralità di gestori :$bscuola cattolica in Italia : quindicesimo rapporto, 2013$9(OLS)http://semarc/title/321346 996 $6260$aBrescia :$bLa Scuola$9(OLS)http://semarc/publisher/29831 LEADER 01318nam a2200301 i 4500 001 000000114050 003 CaOOAMICUS 005 20200924110153.0 008 030409s1991 it u000 u ita u 013 $a86736 020 $a88-211-7463-8 040 $aSeMil$bita 100 1 $aBranca, Paolo,$d<1957- >.$0(OLS)http://semarc/name/37248 245 10$aVoci dell'Islam moderno :$bil pensiero arabo-musulmano fra rinnovamento e tradizione /$cPaolo Branca ; prefazione di Maurice Borrmans. 260 $aGenova :$bMarietti,$c1991. 300 $aXIII, 314 p. ;$c21 cm. 500 $aFondo Card. C.M. Martini. 650 4$aIslamismo - Introduzioni.$0(OLS)http://semarc/subject/17034 700 1 $aBorrmans, Maurice,$d<1926-2017>.$0(OLS)http://semarc/name/90434 830 0$aBiblioteca arabo-islamica ;$v8.$0(OLS)http://semarc/title/11949 850 $aSeMil 852 $aSeMil$W1$xVenegono$y1$m2R III 61$j69648$B69648$CSeMilBibl$Z2$F100086 $81 941 1 $a4 961 $aOmaggio: Martini Card. Carlo Maria 996 $6020$a88-211-7463-8$9(OLS)http://semarc/number/97225 996 $6245$aVoci dell'Islam moderno :$bil pensiero arabo-musulmano fra rinnovamento e tradizione$9(OLS)http://semarc/title/166607 996 $6260$aGenova :$bMarietti$9(OLS)http://semarc/publisher/29997